000 01338nam a2200241Ia 4500
001 15736
003 GE_BSU
008 181216s||||||||xx |||||||||||||| ||und||
040 _cGE_BSU
080 _a821.353.1-1 + 821.353.1-11 + 821.353.1-32
100 _aხალვაში, ფრიდონ
245 _aჩემი სანატრელი.
245 _bლექსები. პოემები. მოთხრობები
245 _cწინასიტყვ. ავტ. გ. აბაშიძე. რედ. ე. ფალიანი. მხ. აკ. თევზაძე
260 _aთბილისი
260 _bსაბჭ. საქართველო,
260 _c1985
300 _a734გვ. : პორტრ. ; 20სმ.
653 _aლექსები. პოემები. მოთხრობები
653 _aჩემი სანატრელი.
653 _aციკლები: ასი მზე დედის გულისა...; ეს დღე; მითხარ, როგორაა მემლექეთი; იმედი; კეთილი იმედის ზღვა; შორეული სიახლოვე; ვიეტნამის დღიური; დაუვიწყარი 1983-1984
942 _cBK
999 _c48834
_d48834